Encyclopaedic Visions : Scientific Dictionaries and Enlightenment Culture /

En la Inglaterra del siglo XVIII, el conocimiento del arte y de la ciencia se concentraba en diccionarios. Estas primitivas enciclopedias reducían el conocimiento a su mínima expresión debido a la gran cantidad de información que debían condensar, por lo que excluían temas como la historia y la biog...

وصف كامل

محفوظ في:
التفاصيل البيبلوغرافية
المؤلف الرئيسي: Yeo, Richard (autor)
التنسيق: كتاب
اللغة:الإنجليزية
منشور في: Cambridge, Inglaterra : Cambridge University, 2001, c2001
الموضوعات:
الوسوم: إضافة وسم
لا توجد وسوم, كن أول من يضع وسما على هذه التسجيلة!

MARC

LEADER 00000nam^a2200000^a^4500
001 000182772
005 20250521000000.0
009 20260310102017.523
020 |a 0-521-65191-3 
037 |a Acervo ITESO - Biblioteca 
041 |a ING 
082 |a 030.  |b YEO 
100 |a Yeo, Richard  |e (autor) 
245 1 0 |a Encyclopaedic Visions :  |b Scientific Dictionaries and Enlightenment Culture /  |c R. Yeo. 
264 4 |a Cambridge, Inglaterra :  |b Cambridge University,  |c 2001, c2001 
300 |a XXI, 336 p. 
336 |a texto  |b txt  |2 rdacontenido 
337 |a sin mediación  |b n  |2 rdamedio 
338 |a volumen  |b nc  |2 rdasoporte 
520 |a En la Inglaterra del siglo XVIII, el conocimiento del arte y de la ciencia se concentraba en diccionarios. Estas primitivas enciclopedias reducían el conocimiento a su mínima expresión debido a la gran cantidad de información que debían condensar, por lo que excluían temas como la historia y la biografía. El autor de la presente obra hace un estudio crítico sobre la clasificación del conocimiento científico durante la Ilustración desde una perspectiva cultural y sobre la manera en que fueron tratados en aquellos diccionarios. 
649 |a XX 
650 |a Ciencia -  |x Enciclopedias y Diccionarios 
650 |a Ciencia -  |x Historia 
650 |a Enciclopedias y Diccionarios -  |z Inglaterra -  |x Historia -  |x Tema Princial 
650 |a Enciclopedias y Diccionarios -  |x Aspectos Sociales y Culturales 
650 |a Epistemología 
650 |a Ilustración (Filosofía) 
650 |a Filosofía Moderna 
650 |a Sociología del Conocimiento 
650 |a Sociología de la Ciencia 
910 |a Fondo General 
920 |a Impresos - Libros 
930 |a Colección General 
905 |a 101 
901 |a 0500122677  |b IT1  |c ACC  |u 20250521 
902 |a https://opac.biblio.iteso.mx/vufind/Record/000182772